00409 2200157 4500001002100000005001500021035002000036245006300056100002200119300002600141260002800167082000800195084001400203020002200217990001200239INLIS00000000000299720250918083607 a0010-09250003441 aMasih :bKarena Cinta Selalu Berkisah /cNovellia Indri S.0 aNovellia Indri S. a328 hlm ;c13 x 19 cm aJakarta :bZettu,c2014 a813 a813 NOV m a978-602-7999-82-4 a0755636